Física para ingeniería y ciencias : Con física moderna V.2

Bibliographic Details
Main Authors: Bauer, Wolfgang, Westfall, Gary D.
Format: Section = Libro
Language:Undetermined
Spanish
Published: México McGraw-Hill 2011
Subjects:
LEADER 00649nam a2200241Ia 4500
008 240830s9999 xx 000 0 und d
020 |a 978-607-15-0546-0 
040 |a B-ESTELÍ- RUACS / 530 B344 
041 |a spa 
082 |a 530 B344 
100 1 |a Bauer, Wolfgang 
100 1 |b  Westfall, Gary D. 
245 1 0 |a Física para ingeniería y ciencias : Con física moderna V.2 
260 |a México  |b McGraw-Hill  |c 2011 
300 |a 1368 p:il 
650 7 |a FÍSICA 
650 7 |b  ELECTRICIDAD 
650 7 |c  MAGNETISMO 
650 7 |d  ÓPTICA 
650 7 |e  RELATIVIDAD - FÍSICA CUÁNTICA 
942 |c BK  |2 ddc 
991 |a TEXTO 
999 |c 10994